000 00828nam a2200277 a 4500
001 000012331
003 DO-SdBNP
005 20170928100651.0
007 000012331
008 091111s1986 dr 000 j spa d
040 _aBPMSU
_bspa
_cBPMSU
082 4 _aRD863.44
_bG215a
100 1 _aGarcía Romero, Rafael,
_d1957-
245 1 3 _aEl agonista :
_bcuentos /
_cRafael García Romero.
260 _aSanto Domingo, :
_bBiblioteca Nacional,
_c1986.
300 _a101 p. ;
_c21 cm.
490 0 _aOrfeo
500 _aIncluye datos biográficos del autor en la contracubierta
650 4 _aCUENTOS DOMINICANOS
650 4 _aLITERATURA DOMINICANA
830 1 _aOrfeo
910 _aValidado. Control de calidad MFF
942 _2ddc
_cBK
945 _aInventariado / 2017 VM
956 _aVMATEO
_b10
_c20150611
_lBPMSU
_h00151
999 _c7907
_d7907